MARC details
| 000 -LEADER |
| campo de control de longitud fija |
03421nam a2200397 i 4500 |
| 001 - NÚMERO DE CONTROL |
| campo de control |
193598 |
| 003 - IDENTIFICADOR DE NÚMERO DE CONTROL |
| campo de control |
SpMaBN |
| 005 - FECHA Y HORA DE LA ÚLTIMA TRANSACCIÓN |
| campo de control |
20250708202253.0 |
| 007 - CAMPO FIJO DE DESCRIPCIÓN FÍSICA--INFORMACIÓN GENERAL |
| campo de control de longitud fija |
ta |
| 008 - DATOS DE LONGITUD FIJA--INFORMACIÓN GENERAL |
| campo de control de longitud fija |
220926s2022 sp a | |||| 000 0 spa |
| 017 ## - NÚMERO DE COPYRIGHT O DE DEPÓSITO LEGAL |
| Número de copyright o de depósito legal |
M 22068-2022 |
| Agencia que asigna |
Oficina Depósito Legal Madrid |
| 020 ## - NÚMERO INTERNACIONAL ESTÁNDAR DEL LIBRO |
| Número Internacional Estándar del Libro |
9788413378558 |
| 040 ## - FUENTE DE CATALOGACIÓN |
| Centro catalogador/agencia de origen |
SpMaBN |
| Lengua de catalogación |
spa |
| Centro/agencia transcriptor |
SpMaBN |
| Normas de descripción |
rda |
| 080 ## - NÚMERO DE LA CLASIFICACIÓN DECIMAL UNIVERSAL |
| Número de la Clasificación Decimal Universal |
930.85(100)"17" |
| 245 00 - MENCIÓN DEL TÍTULO |
| Título |
Idea de la Ilustración : |
| Resto del título |
estudios sobre la Escuela Universalista / |
| Mención de responsabilidad, etc. |
Pedro Aullón de Haro (ed.) |
| 264 #4 - PRODUCCIÓN, PUBLICACIÓN, DISTRIBUCIÓN, FABRICACIÓN Y COPYRIGHT |
| Fecha de producción, publicación, distribución, fabricación o copyright |
[2022] |
| Producción, publicación, distribución, fabricación y copyright |
La Poveda (Arganda del Rey) : |
| Nombre del de productor, editor, distribuidor, fabricante |
Verbum, |
| 300 ## - DESCRIPCIÓN FÍSICA |
| Extensión |
755 páginas : |
| Otras características físicas |
ilustraciones (blanco y negro) |
| Dimensiones |
21 cm |
| 336 ## - TIPO DE CONTENIDO |
| Término de tipo de contenido |
Texto |
| Fuente |
rdacontent |
| 337 ## - TIPO DE MEDIO |
| Nombre/término del tipo de medio |
sin mediación |
| Fuente |
rdamedia |
| 338 ## - TIPO DE SOPORTE |
| Nombre/término del tipo de soporte |
volumen |
| Fuente |
rdacarrier |
| 490 1# - MENCIÓN DE SERIE |
| Mención de serie |
Verbum mayor. Teoría/crítica |
| 500 ## - NOTA GENERAL |
| Nota general |
Índice |
| 504 ## - NOTA DE BIBLIOGRAFÍA, ETC. |
| Nota de bibliografía, etc. |
Referencias bibliográficas |
| 504 ## - NOTA DE BIBLIOGRAFÍA, ETC. |
| Nota de bibliografía, etc. |
Bibliografía de la Escuela Universalista Española: páginas 643-755 |
| 520 ## - RESUMEN, ETC. |
| Sumario, etc. |
No es en modo alguno ocioso debatir acerca de la Ilustración, sobre todo si se observa que los contenidos rutinariamente aceptados que le dan forma son incompletos o no son justamente consistentes. La deficiencia del ideario ilustrado es asumible en tanto que la razón es siempre limitada en su confrontación con la realidad, pero no es asumible cuando es resultado del ideologismo y este, por principio, se encuentra incapacitado para comprender la historia o la realidad. Si el a priori cultural requiere por principio de la no consciencia de sí mismo, sucede que en la época contemporánea, justo aquella suscitada por la Ilustración, la configuración del a priori cultural con suma facilidad se mantiene inconsciente de sí mismo en virtud de los poderes de proyección rápida y masiva y capaces de provocar, en consecuencia, un alto grado de producción ideologizada, es decir un proceso intenso ajeno a la ética. La Ilustración universalista requiere consideración no ya por el simple hecho de que no es aceptable la omisión de una parte de la realidad sino por cuanto presenta una ética arraigada, no fundada en fisuras inasumibles, y por cuanto ofrece un modo de actitud a partir de ese arraigo respecto del mundo moral y de las comunidades científicas y el proceso de globalización que las envuelve. El hecho es que el asunto de la Ilustración, al igual que el de la Comparatística, no se encuentra ni mucho menos resuelto, como con demasiada frecuencia se ha querido sugerir e incluso imponer. Quizás el principal problema ha consistido en el divulgado y grave error de haber sido considerada usualmente la Ilustración europea como un fenómeno homogéneo y en progresión unilineal. Mediante Idea de la Ilustración: Estudios sobre la Escuela Universalista se presenta la fenomenografía de uno de los momentos mayores del humanismo universal y la cultura hispánica. |
| 650 #0 - PUNTO DE ACCESO ADICIONAL DE MATERIA--TÉRMINO DE MATERIA |
| Término de materia o nombre geográfico como elemento de entrada |
Escuela universalista española |
| 9 (RLIN) |
234906 |
| 700 1# - ENTRADA AGREGADA--NOMBRE PERSONAL |
| Nombre de persona |
Aullón de Haro, Pedro |
| Término indicativo de función/relación |
Editor literario |
| 9 (RLIN) |
23910 |
| 830 ## - PUNTO DE ACCESO ADICIONAL DE SERIE-TÍTULO UNIFORME |
| 9 (RLIN) |
233248 |
| Título uniforme |
Verbum mayor. Teoría/crítica |
| 852 ## - LOCALIZACIÓN |
| Ubicación |
ES-MaACL |
| Sublocalización o colección |
R. 154479 |
| Ubicación en estantería |
Depósito J |
| Número de control de estantería |
N-9604 |
| Donativo/Legado |
Donación: Editorial |
| itemnumber |
201060 |
| Encuadernación |
Encuadernación rústica |
| 942 ## - ELEMENTOS DE ENTRADA SECUNDARIOS (KOHA) |
| Suprimir en OPAC |
No |
| Tipo de ítem Koha |
Libro impreso |